Fußballer raten - Statistiken

Allgemein
  • Dieses Quiz wurde 75 mal gespielt
  • Das Durchschnittsergebnis liegt bei 24 aus 99
Antwortstatistiken
Hint Antwort % Korrekt
1, Bayern München, De Manuel Neuer
94%
7, Al Nassr, Por Cristiano Ronaldo
87%
96, EC Bahia, Bra Ronaldo
84%
9, Real Madrid, Fra Kylian Mbappe
83%
5, Real Madrid, Eng Jude Bellingham
81%
6, Bayern München, De Joshua Kimmich
79%
8, Real Madrid, De (Karriereende) Toni Kroos
78%
77, BVB, Eng Jobe Bellingham
76%
11, Santos, Bra Neymar
76%
37, Tottenham, Nie Micky van de Ven
71%
10, Inter Miami, Arg Lionel Messi
68%
4, Liverpool, Nie Virgel van Dijk
68%
15, Real Madrid, Tür Arda Güler
63%
17, Bayern München, Fra Michael Olise
62%
3, Manchester City, Por Ruben Dias
60%
19, FC Barcelona, Spa Lamine Yamal
59%
2, Arsenal, Fra William Saliba
59%
14, Newcastle. Swe Alexander Isak
56%
22, Real Madrid, De Antonio Rüdiger
56%
16, Manchester City, Spa Rodri
56%
20, Liverpool, Por Diogo Jota
52%
13, Atletico Madrid, Slo Jan Oblak
52%
18, Liverpool, Nie Cody Gakpo
51%
27, Liverpool, De Florian Wirtz
51%
12, Real Madrid, Eng Trent Alexander-Arnold
48%
24, Manchester City, Kro Josko Gvardiol
44%
26, VfB Stutgart, De Deniz Undav
43%
21, AS Roma, Arg Paulo Dybala
43%
42, Bayern München, De Jamal Musiala
41%
34, Leverkusen, Swi Granit Xhaka
38%
25, PSG, Por Nuno Mendes
38%
23, Inter Mailand, Ita Nicolo Barella
35%
87, PSG, Por Joao Neves
32%
38, Liverpool, Nie Ryan Gravenberch
29%
29, PSG, Fra Bradley Barcola
27%
41, Arsenal, Eng Declan Rice
25%
30, Liverpool. Nie Jeremie Frimpong
25%
32, Inter Mailand, Ita Federico Dimarco
22%
44, Bayern München, Kro Josip Stanisic
22%
95, Inter Mailand, Ita Alessandro Bastoni
19%
47, Manchester City, Eng Phil Foden
19%
93, Monterrey, Spa Sergio Ramos
19%
51, PSG, Ecu Willian Pacho
19%
45, Bayern München, De Aleksander Pavlovic
16%
31, Manchester City, Bra Ederson
16%
71, Vitória Guimarães, Bra Gustavo Silva
16%
28, Inter Mailand, Fra Benjamin Pavard
14%
43, Florenz, Spa David de Gea
10%
36, Arsenal, Spa Martin zubimendi
10%
35, Real Madrid, Spa Raul Asencio
10%
60, Benfica, Por Nuno Felix
8%
52, Manchester City, Nor Oscar Bobb
8%
33, PSG, Fra Warren Zaire-Emery
8%
84, Liverpool, NIr Conor Bradley
6%
98, Parma, Rum Dennis Man
6%
99, Porto, Por Diogo Costa
6%
72, Sporting, Por Eduardo Quaresma
6%
83, Besiktas, Por Gedson Fernandes
6%
68, SSC Neapel, Slo Stanislav Lobotka
6%
94, Fenerbahce, Bra Talisca
6%
91, FC Turin, Kol Duvan Zapata
5%
49, Arsenal, Eng Myles Lewis-Skelly
5%
59, Inter Mailand, Pol Nicola Zalewski
5%
82, Manchester City, Eng Rico Lewis
5%
92, AS Roma, Ita Stephan El Shaarawy
5%
57, Sporting, Por Geovany Quenda
3%
79, Al-Ahli, Elf Franck Kessie
3%
63, Celtic Glasgow, Sct Kieran Tierney
3%
46, AC Milan, Ita Matteo Gabbia
3%
53, Fenerbahce, Pol Sebastian Szymanski
3%
80, AC Milan, USA Yunus Musah
3%
62, OM, Pan Amir Murillo
2%
50, Liverpool, Sct Ben Doak
2%
39, Newcastle, Bra Bruno Guimaras
2%
88, Al-Qadsiah, Spa Cameron Puertas
2%
56, Al-Shabab, Por Daniel Podence
2%
48, Slavia Prag, Tsch Dominik Pech
2%
55, Inter Miami, Arg Federico Redondo
2%
78, Manchester City, BF Issa Kaboré
2%
64, OGC Nizza, Kan Moise Bombito
2%
75, Manchester City, Eng Nico O Reilly
2%
40, Chelsea, Por Renato Veiga
2%
58, Crystal Palace, Eng Caleb Kporha
0%
66, Botafogo, Bra Cuiabano
0%
70, Atalanta Bergamo, Ita Daniel Maldini
0%
85, Lokomotiv Moskau, Rus Evgeniy Morozov
0%
65, Florenz, Ita Fabiano Parisi
0%
61, Benifa, Por Florentino
0%
74, Porto, Por Francisco Moura
0%
69, OL, Geo Georges Mikautadze
0%
89, Maccabi Haifa,Ukr Georgiy Yermakov
0%
81, SSC Neapel, Ita Giacomo Raspadori
0%
73, ZSKA Sofia, Bul Ilian Iliev
0%
54, Anderlecht, Bel Killian Sardella
0%
76, Yokohama, Jap Kota Yamada
0%
67, Newcastle, Eng Lewis Miley
0%
86, Porto, Por Rodrigo Mora
0%
90, Besiktas, Tür Semih Kılıçsoy
0%
97, Olympiakos, Tür Yusuf Yazici
0%
Keine übereinstimmenden Quizze gefunden
Verteilung der Resultate
Anzahl Personen mit jedem Resultat
Perzentil nach korrekt beantworteten Fragen
Ihre Resultats-Entwicklung
Sie haben dieses Quiz noch nicht gespielt